000
00311nam a2200121Ia 4500
008
190216s9999||||xx |||||||||||||| ||und||
100
_a
Shanthilal Nagori
245
0
_a
Hindi-Big Ki Pracheen Samyathaom Ka Ithihas
260
_b
Sree Nagosha Publications
_c
2010
300
_a
216
650
_a
Hindi
942
_c
BK
999
_c
16662
_d
16662